| 000 | 00359nam a22001457a 4500 | ||
|---|---|---|---|
| 082 |
_a823 _bCRA/S |
||
| 100 | _aCRADDOCK, SONIA | ||
| 245 |
_aSECRET OF THE CARDS _bSHORT STORY |
||
| 246 |
_aSECRET OF THE CARDS _bSECRET OF THE CARDS |
||
| 260 |
_aUSA _bSCHOLASTIC _c1998 |
||
| 300 | _a192 | ||
| 520 | _aSHORT STORY | ||
| 650 | _aENGLISH SHORT STORY | ||
| 942 | _cBK | ||
| 999 |
_c2741 _d2741 |
||